Grammaire progressive du Francais : (Record no. 146018)

MARC details
000 -CABECERA
campo de control de longitud fija 00942nam a2200265 u 4500
005 - FECHA Y HORA DE LA ÚLTIMA TRANSACCIÓN
campo de control 20231201064153.0
008 - ELEMENTOS DE LONGITUD FIJA--INFORMACIÓN GENERAL
campo de control de longitud fija 091124s2003 fr r 000 0 fre d
020 ## - NÚMERO INTERNACIONAL NORMALIZADO PARA LIBROS
Número Internacional Estándar del Libro 9782090338485
035 ## - NÚMERO DE CONTROL DEL SISTEMA
Número de control de sistema UPN01000173914
049 ## - COLECCIÓN
Colección CG
050 #4 - SIGNATURA TOPOGRÁFICA DE LA BIBLIOTECA DEL CONGRESO
Número de clasificación PC2111
Número de documento/Ítem G7.37
100 1# - ASIENTO PRINCIPAL--NOMBRE PERSONAL
Nombre de persona Grégoire, Maia
245 10 - MENCIÓN DE TÍTULO
Título Grammaire progressive du Francais :
Resto del título avec 600 exercices /
Mención de responsabilidad, etc. Maia Grégoire, Odile Thiévenaz ; colab. Elisaberh Franco, Alina Kostucki.
260 ## - PUBLICACIÓN, DISTRIBUCIÓN, ETC.
Lugar de publicación, distribución, etc. Paris :
Nombre del editor, distribuidor, etc. CLE International,
Fecha de publicación, distribución, etc. c2003.
300 ## - DESCRIPCIÓN FÍSICA
Extensión 271 p.
500 ## - NOTA GENERAL
Nota general Niveau intermédiaire
590 ## - NOTA LOCAL (RLIN)
Nota local (También localizas un ejemplar en el "Area de Reserva")
590 ## - NOTA LOCAL (RLIN)
Nota local Bibliografía Básica (BGTQ), 2009
650 #4 - ASIENTO SECUNDARIO DE MATERIA - TERMINO TEMATICO
Término de materia o nombre geográfico como elemento de entrada Francés
Subdivisión general Gramática
-- Estudio y enseñanza
9 (RLIN) 14029
650 #4 - ASIENTO SECUNDARIO DE MATERIA - TERMINO TEMATICO
Término de materia o nombre geográfico como elemento de entrada FRANCES -
Subdivisión general COMPOSICION Y EJERCICIOS
9 (RLIN) 14034
700 1# - ASIENTO SECUNDARIO--NOMBRE DE PERSONAL
Nombre de persona Thiévenaz, Odile,
Término indicativo de función/relación coaut.
700 1# - ASIENTO SECUNDARIO--NOMBRE DE PERSONAL
Nombre de persona Franco Elisabeth,
Término indicativo de función/relación colab.
700 1# - ASIENTO SECUNDARIO--NOMBRE DE PERSONAL
Nombre de persona Kostucki, Alina,
Término indicativo de función/relación colab.
905 ## - TIPO DE MATERIAL
Tipo de material Libro
Holdings
Estado de retiro Estado de pérdida Fuente del sistema de clasificación o colocación Estado dañado No para préstamo Código de colección Localización permanente Ubicación/localización actual Ubicación en estantería Fecha de adquisición Total de préstamos Renovaciones totales Clasificación Código de barras Fecha visto por última vez Fecha del último préstamo Número de copia Tipo de ítem Koha Restricciones de uso
    Library of Congress Classification     Colección General Bib. Gregorio Torres Quintero Bib. Gregorio Torres Quintero Planta baja 23/05/2023 5 1 PC2111 G7.37 270587 22/06/2023 23/05/2023 1 Libro  
    Library of Congress Classification   Reserva Bibliografía básica Bib. Gregorio Torres Quintero Bib. Gregorio Torres Quintero Colecciones especiales Planta alta 02/05/2023 3   PC2111 G7.37 270586 31/12/2020   1 Libro por horas Préstamo por horas